00479cam a2200181 a 45000010009000000050017000090080041000260100017000670200015000840400018000990410008001170800015001250820019001401000007001591010008001662450072001745040051002461310595420180307090243.0030227s2004 maua b 001 0 eng  a 2003044384 a0321145712 aDLCcDLCdDLC aeng a515.35 NAG00a515.35 NAG2211 a37 aMAT10aFundamentals of differential equations and boundary value problems. aIncludes bibliographical references and index.